England: Anglikanischer Kernwaffenkompromiß
| Main Author: | |
|---|---|
| Format: | Electronic Article |
| Language: | German |
| Check availability: | HBZ Gateway |
| Interlibrary Loan: | Interlibrary Loan for the Fachinformationsdienste (Specialized Information Services in Germany) |
| Published: |
1983
|
| In: |
Herder-Korrespondenz
Year: 1983, Volume: 37, Issue: 3, Pages: 107-109 |
| IxTheo Classification: | CG Christianity and Politics KBF British Isles |
| Further subjects: | B
Theology
B Deterrence B church statements B Atombewaffnung / Neutron weapon B peace idea / concept of peace B Atomwaffen B Rüstungskontrolle / Disarmament B Kirchliche Stellungnahme B Nuclear Weapons B arms control / disarmament B Politics B neutron weapons / nuclear armament B Anglican Church / Church of England B Friedensvorstellung |
| Online Access: |
Volltext (kostenfrei) |
| Parallel Edition: | Non-electronic
|
MARC
| LEADER | 00000naa a22000002c 4500 | ||
|---|---|---|---|
| 001 | 1900706016 | ||
| 003 | DE-627 | ||
| 005 | 20240830143437.0 | ||
| 007 | cr uuu---uuuuu | ||
| 008 | 240830s1983 xx |||||o 00| ||ger c | ||
| 024 | 7 | |a 10.60564/herkorr.v37i3.12687 |2 doi | |
| 035 | |a (DE-627)1900706016 | ||
| 035 | |a (DE-599)KXP1900706016 | ||
| 040 | |a DE-627 |b ger |c DE-627 |e rakwb | ||
| 041 | |a ger | ||
| 084 | |a 1 |2 ssgn | ||
| 100 | 1 | |0 (DE-588)121549844 |0 (DE-627)08138131X |0 (DE-576)161424856 |4 aut |a Hill, Roland |d 1920-2014 | |
| 109 | |a Hill, Roland 1920-2014 |a Hess, Roland Johannes 1920-2014 |a R. H. 1920-2014 |a H., R. 1920-2014 | ||
| 245 | 1 | 0 | |a England: Anglikanischer Kernwaffenkompromiß |c R.H. |
| 264 | 1 | |c 1983 | |
| 336 | |a Text |b txt |2 rdacontent | ||
| 337 | |a Computermedien |b c |2 rdamedia | ||
| 338 | |a Online-Ressource |b cr |2 rdacarrier | ||
| 506 | |a [DE-21]Open Access |e Controlled Vocabulary for Access Rights |u http://purl.org/coar/access_right/c_abf2 | ||
| 533 | |a Reproduktion |d 2023 |7 |2023|||||||||| | ||
| 540 | |a [DE-21]Urheberrechtsschutz 1.0 |2 rs |u https://rightsstatements.org/page/InC/1.0/?language=en | ||
| 601 | |a England | ||
| 650 | 4 | |a Friedensvorstellung | |
| 650 | 4 | |a concept of peace/peace idea | |
| 650 | 4 | |a Theology | |
| 650 | 4 | |a Politics | |
| 650 | 4 | |a disarmament/arms control | |
| 650 | 4 | |a Deterrence | |
| 650 | 4 | |a nuclear armament/neutron weapons | |
| 650 | 4 | |a Nuclear Weapons | |
| 650 | 4 | |a church statements | |
| 650 | 4 | |a Church of England/Anglican Church | |
| 650 | 4 | |a Theologie | |
| 650 | 4 | |a Politik | |
| 650 | 4 | |a Abrüstung/Rüstungskontrolle | |
| 650 | 4 | |a Abschreckung | |
| 650 | 4 | |a Atombewaffnung/Neutronenwaffe | |
| 650 | 4 | |a Atomwaffen | |
| 650 | 4 | |a Kirchliche Stellungnahme | |
| 650 | 4 | |a Church of England/Anglikanische Kirche | |
| 652 | |a CG:KBF | ||
| 773 | 0 | 8 | |i Enthalten in |t Herder-Korrespondenz |d Freiburg, Br. : Herder, 1946 |g 37(1983), 3, Seite 107-109 |w (DE-627)1870659759 |w (DE-600)3172576-4 |7 nnas |
| 773 | 1 | 8 | |g volume:37 |g year:1983 |g number:3 |g pages:107-109 |
| 776 | 0 | 8 | |i Elektronische Reproduktion von |a Hill, Roland, 1920 - 2014 |t England: Anglikanischer Kernwaffenkompromiß |d 1983 |w (DE-627)596206925 |w (DE-576)463226984 |k Non-Electronic |
| 856 | 4 | 0 | |u https://doi.org/10.60564/herkorr.v37i3.12687 |x Digitalisierung |z kostenfrei |3 Volltext |7 0 |
| 935 | |a mteo |a DTH5 | ||
| 951 | |a AR | ||
| ELC | |a 1 | ||
| ITA | |a 1 |t 1 | ||
| LOK | |0 000 xxxxxcx a22 zn 4500 | ||
| LOK | |0 001 457350527X | ||
| LOK | |0 003 DE-627 | ||
| LOK | |0 004 1900706016 | ||
| LOK | |0 005 20240830143437 | ||
| LOK | |0 008 240830||||||||||||||||ger||||||| | ||
| LOK | |0 040 |a DE-Tue135 |c DE-627 |d DE-Tue135 | ||
| LOK | |0 092 |o n | ||
| LOK | |0 852 |a DE-Tue135 | ||
| LOK | |0 852 1 |9 00 | ||
| LOK | |0 935 |a ixzs | ||
| LOK | |0 936ln |0 1442044888 |a KBF | ||
| LOK | |0 936ln |0 1442043911 |a CG | ||
| LOK | |0 939 |a 30-08-24 |b l01 | ||
| OAS | |a 1 | ||
| ORI | |a SA-MARC-ixtheoa001.raw | ||
| STA | 0 | 0 | |a Deterrence,Politics,Politics and government,Politics, Practical,Politics in art,Theology,Theology |
| STB | 0 | 0 | |a Dissuasion,Politique,Politique,Pratiques politiques,Théologie,Théologie |
| STC | 0 | 0 | |a Disuasión,Política,Política,Teología,Teología |
| STD | 0 | 0 | |a Deterrenza,Politica,Politica,Teologia,Teologia |
| STE | 0 | 0 | |a 政治,政治,神学家,阻吓,威慑 |
| STF | 0 | 0 | |a 政治,政治,神學家,阻嚇,威懾 |
| STG | 0 | 0 | |a Dissuasão,Política,Política,Teologia,Teologia |
| STH | 0 | 0 | |a Богословие (мотив),Богословие,Политика (мотив),Политика,Устрашение |
| STI | 0 | 0 | |a Αναχαίτιση,Θεολογία (μοτίβο),Θεολογία,Πολιτική (μοτίβο),Πολιτική |
| SYE | 0 | 0 | |a Christliche Theologie , Politics,Public policy,Staatspolitik,Politische Lage,Politische Entwicklung,Staatspolitik,Politische Lage,Politische Entwicklung,Politische Situation , Sicherheitspolitik - Strategien - Abschreckung,Militärische Abschreckung , Rüstung - Waffentechnologie - Atomwaffen,Kernwaffe,Kernwaffen,Atomwaffe |